[Event "Regionalliga Nord-West 1819"]
[Site "Bayern"]
[Date "2018.10.21"]
[Round "1.7"]
[White "Filbry, Marc"]
[Black "Moenius, Oliver"]
[Result "1-0"]
[WhiteElo "1784"]
[BlackElo "1831"]
[PlyCount "67"]
[EventDate "2018.10.21"]
[EventType "team-tourn"]
[EventRounds "9"]
[EventCountry "GER"]
[SourceTitle "EXT 2022"]
[Source "ChessBase"]
[SourceDate "2021.10.06"]
[SourceVersion "1"]
[SourceVersionDate "2021.10.06"]
[SourceQuality "1"]
[WhiteTeam "Bad Neustadt"]
[BlackTeam "Hoechstadt/Aisch"]
[WhiteTeamCountry "GER"]
[BlackTeamCountry "GER"]

1. e4 e5 2. Nf3 Nf6 3. d4 Nxe4 4. Bd3 d5 5. Nxe5 Bd6 6. 0-0 0-0 7. c4 c6 8. Nc3 Nxc3 9. bxc3 Qf6 10. Qh5 h6 11. f4 Be7 12. g4 g6 13. Qxh6 Qg7 14. f5 g5 15. Qh5 Bf6 16. h4 Nd7 17. Bxg5 Bxe5 18. f6 Bxf6 19. Rxf6 Nxf6 20. Bxf6 Qxg4+ 21. Qxg4+ Bxg4 22. Kh2 Bh5 23. Rg1+ Bg6 24. h5 Rfe8 25. hxg6 Re6 26. Be5 f6 27. Bf5 Rae8 28. Bxe6+ Rxe6 29. cxd5 cxd5 30. Bf4 Kg7 31. Bh6+ Kg8 32. Rf1 f5 33. Rxf5 Rxg6 34. Rg5 1-0

[Event "Regionalliga Nord-West 1718"]
[Site "Bayern"]
[Date "2017.11.26"]
[Round "3.6"]
[White "Link, Klaus"]
[Black "Filbry, Marc"]
[Result "1-0"]
[WhiteElo "1970"]
[BlackElo "1811"]
[PlyCount "177"]
[EventDate "2017.10.22"]
[EventType "team-tourn"]
[EventRounds "9"]
[EventCountry "GER"]
[SourceTitle "EXT 2022"]
[Source "ChessBase"]
[SourceDate "2021.10.06"]
[SourceVersion "1"]
[SourceVersionDate "2021.10.06"]
[SourceQuality "1"]
[WhiteTeam "Klingenberg"]
[BlackTeam "Bad Neustadt"]
[WhiteTeamCountry "GER"]
[BlackTeamCountry "GER"]

1. e4 e5 2. Nf3 Nc6 3. d4 exd4 4. Bc4 Nf6 5. Ng5 d5 6. exd5 Ne5 7. Qe2 Qe7 8. 0-0 Nxc4 9. Qxc4 h6 10. Nf3 Qc5 11. Re1+ Kd8 12. Qxd4 Qxd4 13. Nxd4 Nxd5 14. c4 Nb6 15. b3 Bc5 16. Be3 Bd7 17. Nc3 Re8 18. Nc6+ Bxc6 19. Bxc5 Nd7 20. Rxe8+ Kxe8 21. Re1+ Kd8 22. Be7+ Kc8 23. b4 b6 24. b5 Bb7 25. Bh4 Nc5 26. Re8+ Kd7 27. Re7+ Kd6 28. Rxf7 Re8 29. Bg3+ Ke6 30. Rxc7 Kf5 31. f3 Re3 32. Bf2 Rxc3 33. Bxc5 bxc5 34. Rxb7 Rxc4 35. Rxa7 Rb4 36. a4 Ke5 37. Rxg7 Rxa4 38. b6 Rb4 39. b7 c4 40. Kf2 Kd4 41. Ke2 Rb2+ 42. Kd1 c3 43. Kc1 Kd3 44. Rd7+ Ke3 45. h4 Kf4 46. g4 Ke5 47. g5 hxg5 48. hxg5 Kf5 49. f4 Kg6 50. Rd6+ Kg7 51. Rd7+ Kg6 52. Rc7 Kf5 53. Re7 Kg6 54. Re3 Kf5 55. Rxc3 Rxb7 56. Rc4 Rb3 57. Kc2 Rf3 58. Kd2 Rh3 59. Rd4 Rg3 60. Ke2 Rh3 61. Rd3 Rh2+ 62. Ke3 Rh3+ 63. Kd4 Rh1 64. Rf3 Rd1+ 65. Ke3 Rh1 66. Kf2 Rh2+ 67. Kg3 Rh1 68. Ra3 Rg1+ 69. Kf3 Rf1+ 70. Kg3 Rg1+ 71. Kf2 Rh1 72. Kg2 Rb1 73. Kg3 Rg1+ 74. Kh4 Rh1+ 75. Rh3 Rg1 76. Kh5 Kxf4 77. g6 Kf5 78. Rf3+ Ke6 79. Kh6 Rh1+ 80. Kg7 Ra1 81. Kg8 Ke7 82. Rf4 Ra2 83. g7 Ra1 84. Rf7+ Ke6 85. Rf2 Ra3 86. Rh2 Kf6 87. Kh8 Ra8+ 88. g8Q Rxg8+ 89. Kxg8 1-0

[Event "Regionalliga Nord-West 1718"]
[Site "Bayern"]
[Date "2017.10.22"]
[Round "1.6"]
[White "Filbry, Marc"]
[Black "Schwarzmann, Holger"]
[Result "1/2-1/2"]
[WhiteElo "1811"]
[BlackElo "1775"]
[PlyCount "86"]
[EventDate "2017.10.22"]
[EventType "team-tourn"]
[EventRounds "9"]
[EventCountry "GER"]
[SourceTitle "EXT 2022"]
[Source "ChessBase"]
[SourceDate "2021.10.06"]
[SourceVersion "1"]
[SourceVersionDate "2021.10.06"]
[SourceQuality "1"]
[WhiteTeam "Bad Neustadt"]
[BlackTeam "Hoechstadt/Aisch"]
[WhiteTeamCountry "GER"]
[BlackTeamCountry "GER"]

1. e4 d5 2. exd5 Nf6 3. d4 Nxd5 4. c4 Nb6 5. c5 Nd5 6. Nf3 g6 7. Bc4 Bg7 8. Qb3 c6 9. Nc3 e6 10. 0-0 h6 11. Re1 0-0 12. Ne4 b5 13. Bxd5 exd5 14. Nd6 Be6 15. Bf4 Nd7 16. Ne5 Nxe5 17. Bxe5 Bxe5 18. Rxe5 Qf6 19. Qe3 Kg7 20. Rf1 a5 21. f4 Bc8 22. Nxc8 Raxc8 23. Re7 a4 24. Qe5 Qxe5 25. fxe5 Rce8 26. Rc7 Re6 27. Rf6 Rxf6 28. exf6+ Kxf6 29. Rxc6+ Kf5 30. Rb6 Ke4 31. Rxb5 Kxd4 32. Rb4+ Kxc5 33. Rxa4 d4 34. Kf2 Re8 35. Ra7 d3 36. Kf3 Rd8 37. Rc7+ Kd4 38. Rxf7 Rb8 39. Rd7+ Kc4 40. Rc7+ Kd4 41. Rd7+ Kc4 42. Rc7+ Kd4 43. Rd7+ Kc4 1/2-1/2

[Event "Regionalliga NW 1516"]
[Site "Bayern"]
[Date "2015.12.13"]
[Round "4.7"]
[White "Bodenschatz, Josef"]
[Black "Filbry, Marc"]
[Result "1/2-1/2"]
[WhiteElo "1844"]
[BlackElo "1805"]
[PlyCount "93"]
[EventDate "2015.10.11"]
[EventType "team-tourn"]
[EventRounds "9"]
[EventCountry "GER"]
[SourceTitle "EXT 2018"]
[Source "ChessBase"]
[SourceDate "2017.10.13"]
[SourceVersion "1"]
[SourceVersionDate "2017.10.13"]
[SourceQuality "1"]
[WhiteTeam "Kirchenlaibach"]
[BlackTeam "Bad Neustadt"]
[WhiteTeamCountry "GER"]
[BlackTeamCountry "GER"]

1. e4 e5 2. d3 d5 3. exd5 Qxd5 4. Nc3 Bb4 5. Bd2 Bxc3 6. Bxc3 Nc6 7. Qf3 Nf6 8. Be2 Be6 9. Qxd5 Nxd5 10. Bf3 0-0-0 11. Ne2 Rhe8 12. a3 Bf5 13. 0-0-0 f6 14. Bd2 e4 15. dxe4 Bxe4 16. Bxe4 Rxe4 17. Ng3 Re6 18. Rhe1 Rde8 19. Rxe6 Rxe6 20. c4 Nb6 21. b3 g6 22. Bc3 f5 23. f3 h5 24. h4 a5 25. c5 Nd7 26. b4 axb4 27. axb4 Nd8 28. Kc2 b6 29. cxb6 Nxb6 30. Kb3 Nf7 31. Rd2 Nd6 32. Re2 Kd7 33. Rxe6 Kxe6 34. Ne2 Nd5 35. Nd4+ Kd7 36. Bd2 c6 37. Ne2 Nf7 38. Nf4 Nxf4 39. Bxf4 Nd8 40. Kc4 Ne6 41. Be3 Kc7 42. g3 Kd6 43. Ba7 Kd7 44. Bb8 Kc8 45. Bd6 Kd7 46. Be5 Kc8 47. Bd6 1/2-1/2

[Event "Regionalliga NW 0910"]
[Site "Bayern"]
[Date "2010.03.21"]
[Round "8.7"]
[White "Filbry, Marc"]
[Black "Mueller, Markus3333"]
[Result "0-1"]
[WhiteElo "1805"]
[BlackElo "2046"]
[PlyCount "58"]
[EventDate "2009.10.18"]
[EventType "team-tourn"]
[EventRounds "9"]
[EventCountry "GER"]
[SourceTitle "EXT 2011"]
[Source "ChessBase"]
[SourceDate "2010.11.26"]
[SourceVersion "1"]
[SourceVersionDate "2010.11.26"]
[SourceQuality "1"]
[WhiteTeam "Bad Neustadt"]
[BlackTeam "Kirchenlaibach"]
[WhiteTeamCountry "GER"]
[BlackTeamCountry "GER"]

1. e4 e6 2. d4 d5 3. exd5 exd5 4. Bd3 Nc6 5. Nf3 Bd6 6. c3 Nge7 7. Bg5 Bg4 8. Nbd2 f6 9. Bh4 Qd7 10. 0-0 0-0-0 11. b4 Nf5 12. Qc2 Nce7 13. a4 g5 14. Bg3 Nxg3 15. hxg3 h5 16. b5 h4 17. gxh4 Bf4 18. a5 Rh5 19. b6 a6 20. bxc7 Rdh8 21. g3 Bxd2 22. Nxd2 gxh4 23. f3 hxg3 24. fxg4 Qxg4 25. Be4 dxe4 26. Qxe4 Rh1+ 27. Qxh1 Rxh1+ 28. Kxh1 Qh3+ 29. Kg1 Qh2# 0-1